000 01255nam a2200313Ia 4500
001 ebr10463816
003 CaPaEBR
006 m u
007 cr cn|||||||||
008 041012s2011 enk sb 001 0 eng d
020 _z9781855758391
040 _aCaPaEBR
_cCaPaEBR
035 _a(OCoLC)743113983
050 1 4 _aBF575.A86
_bR58 2011eb
245 0 0 _aRitual abuse and mind control
_h[electronic resource] :
_bthe manipulation of attachment needs /
_cedited by Orit Badouk Epstein, Joseph Schwartz, and Rachel Wingtield Schwartz.
260 _aLondon :
_bKarnac,
_c2011.
300 _axvii, 183 p.
504 _aIncludes bibliographical references and index.
533 _aElectronic reproduction.
_bPalo Alto, Calif. :
_cebrary,
_d2011.
_nAvailable via World Wide Web.
_nAccess may be limited to ebrary affiliated libraries.
650 0 _aRitual abuse.
650 0 _aBrainwashing.
650 0 _aAttachment behavior.
655 7 _aElectronic books.
_2local
700 1 _aEpstein, Orit Badouk.
700 1 _aSchwartz, Joseph.
700 1 _aSchwartz, Rachel Wingtield.
710 2 _aebrary, Inc.
856 4 0 _uhttp://site.ebrary.com/lib/rucke/Doc?id=10463816
_zAn electronic book accessible through the World Wide Web; click to view
999 _c129156
_d129156